| 000 | 00725nam a22002297a 4500 | ||
|---|---|---|---|
| 005 | 20170124110200.0 | ||
| 010 | _a510664 | ||
| 020 | _c00.00 | ||
| 035 | _a510664 | ||
| 037 | _bCen Lib/Ret | ||
| 040 |
_aDPL _bEN |
||
| 082 |
_a025.4 _bNEE |
||
| 100 |
_aNeedham, C. D. _935815 |
||
| 245 |
_aOrganizing knowledge in libraries : _cby C. D. Needham _ban introduction to classification and cataloguing / |
||
| 260 |
_aLondon _bAndre Deutsch _c1964 |
||
| 270 |
_bLondon _a105 Great Russell Street |
||
| 300 |
_a259p. _c21cm(Hb) |
||
| 500 | _aIncludes bibliographical references and index | ||
| 650 |
_aCataloguing _y _972919 |
||
| 650 |
_aClassification -- Books _972920 |
||
| 942 |
_2ddc _cEN _h025.4 _mNEE |
||
| 999 |
_c132813 _d132813 |
||